000 02139nam a22002297a 4500
001 151
003 FISKH
005 20230301114415.0
008 230301b cb ||||| |||| 00| 0 eng d
040 _aFISKH
_cFISKH
050 _aPZ7
082 _a823.912
100 _aBlyton, Enid
_d1897-1968
245 _aLook out for the elephant! /
_band other stories
_cEnid Blyton
260 _aSingapore
_bAward Publications Limited
_c2007
300 _a190 p.
_c20 cm.
505 _aM
520 _aA selection of ever-popular Blyton short stories for the younger reader, with clear text and illustrated throughout. Age: 5 to 8 AUTHOR: Enid Blyton, 1896 - November 28, 1959 Enid Blyton was born in London in 1896. She was educated in a private school and thought that she would become a musician until she realized that writing was her passion. She attended Ipswich High School where she trained to become a kindergarten teacher and eventually opened her own school for infants. Blyton's first poem was published in 1917, entitled "Have You-" which appeared in Nash's Magazine. In 1922, her first book of verses was published, entitled "Child Whispers." In 1926 she accepted a position editing the children's magazine "Sunny Stories" as well as writing the column "Teachers World." Blyton's first full length children's book was published din 1938 and was titled "The Secret Island." After working on the column for years, Blyton quit "Teachers World" in 1945 and also ended her stint as editor of "Sunny Stories" seven years later. In 1953 she started her own children's magazine called "The Edith Blyton Magazine" which featured stories about her characters and news on the clubs formed around them. Her most famous stories were those of the "Famous Five" The Magazine closed in 1959. In the 50's and 60's Blyton was criticized for the language in her book, for being too simple, but some 300 are still in print today. Blyton has published over 600 books in the course of her career. Enid Blyton died in her sleep on November 28, 1968. She was 72 years old. Illustrated
521 8 _a700
_bLexile
521 8 _aM
_bRaz-Plus
942 _2ddc
_cBK
_n0
999 _c151
_d151